Movies Quiz

Random Movies or Famous Quiz

'M' Actor Match Quiz Stats

 Plays Quiz not verified by Sporcle

Also try: 'L' Actor Match
Challenge
Share
Tweet
Score 0/30 Timer 02:00
0 Plays Today
% Correct
Marilyn
96.6%
Liza
94.3%
John
94%
Demi
93.2%
Helen
93%
Ewan
92.2%
Ian
91.2%
Viggo
90.5%
Eva
86.2%
Bill
85.6%
Andie
85.4%
Shirley
84.8%
Walter
83.9%
Rick
81.9%
Steve
78.8%
% Correct
Jayne
78.4%
Brittany
77.5%
Robert
76.4%
Matthew
74.7%
Carrie-Anne
74.3%
Malcolm
69.9%
Ali
68.8%
Ethel
68.7%
Burgess
68.2%
Carmen
64.2%
Hattie
60.5%
Agnes
54.7%
Zero
52.7%
Ray
49.8%
Lois
38.3%

You're not logged in!

Compare scores with friends on all Sporcle quizzes.
Join for Free
OR
Log In

You Might Also Like...

Show Comments

Extras

Top Quizzes Today


Score Distribution

Your Account Isn't Verified!

In order to create a playlist on Sporcle, you need to verify the email address you used during registration. Go to your Sporcle Settings to finish the process.

Report this User

Report this user for behavior that violates our Community Guidelines.

Details: